000 00875nam a2200289Ia 4500
001 10047
005 20240113235202.0
007 ta
008 050730s1906 a g b000 u eng u
020 _cHB
040 _aCotton College Assam
041 _aeng
082 _a371.32
_bC 838 V
100 _aCovernton, J.G. .
245 0 _aVernacular Reading Books in The Bombay Pesidency /
_cJ.G. Covernton.
_hTextual Documents
250 _a1st ed. /
260 _aGovt. of India :
_bOffice of the Superintendent ,
_c1906.
300 _a106p. :
_bill. ;
_c26cm .
653 _aEducation-Vernacular Reading Books
653 _aEducation-Bombay Pesidency
653 _aBombay Pesidency-Vernacular Reading Books
653 _aVernacular Reading Books-Bombay Pesidency
653 _aMS-Education
942 _2ddc
_cBK
999 _c10034
_d10034